ბათუმის შოთა რუსთაველის სახელმწიფო უნივერსიტეტის ბიბლიოთეკა

ჩანაწერი Corporate Name

ჩანაწერთა რაოდენობა, რომელიც გამოყენებულია: 1

001 - CONTROL NUMBER

  • control field: 9856

003 - CONTROL NUMBER IDENTIFIER

  • control field: GE_BSU

005 - DATE AND TIME OF LATEST TRANSACTION

  • control field: 20201208115518.0

008 - FIXED-LENGTH DATA ELEMENTS

  • fixed length control field: 201208|| aca||aabn | a|a d

040 ## - CATALOGING SOURCE

  • Original cataloging agency: GE_BSU
  • Transcribing agency: GE_BSU

110 ## - HEADING--CORPORATE NAME

  • Corporate name or jurisdiction name as entry element: საბუნებისმეტყველო მეცნიერებათა და ჯანდაცვის ფაკულტეტი
  • Relator term: ბიოლოგიის დეპარტამენტი

670 ## - SOURCE DATA FOUND

  • Source citation: Work cat.: (GE_BSU)57795: მაკარაძე,ელზა 9854, აჭარაში გავრცელებულ ყოჩივარდასა (cyclamen L) და თეთრყვავილას (Galanthus L) პოპულაციების ბიოეკოლოგიური თავისებურებები /